000 00389nam a2200157Ia 4500
003 Ost
005 20260225132552.0
008 260225s9999||||xx |||||||||||||| ||und||
040 _cfsic
041 _afre
082 _a440
100 _aEl hadi chalabi
_eAuteur
245 0 _aLes nationalisations des terres dans la révolution agraire /
245 0 _cEl hadi chalabi
942 _cكتاب
999 _c34224
_d34224